Entry Nombre personal
001 - NÚMERO DE CONTROL
- campo de control: 151036
003 - IDENTIFICADOR DE NÚMERO DE CONTROL
- campo de control: SpMaBN
005 - FECHA Y HORA DE LA ÚLTIMA TRANSACCIÓN
- campo de control: 20250902214745.0
008 - ELEMENTOS DE DATO DE LONGITUD-FIJA
- campo de control de longitud fija: 930725nn aijnnaabn a aaa
016 ## - NÚMERO DE CONTROL DE UNA AGENCIA BIBLIOGRÁFICA NACIONAL
- Número de control del registro: BNE19997115903
024 7# - IDENTIFICADOR DE OTROS ESTÁNDARES
- Número estándar o código: http://viaf.org/viaf/63995843/
- Fuente: viaf
024 7# - IDENTIFICADOR DE OTROS ESTÁNDARES
- Número estándar o código: https://isni.org/isni/0000000123310616
- Fuente: isni
024 7# - IDENTIFICADOR DE OTROS ESTÁNDARES
- Número estándar o código: http://www.wikidata.org/entity/Q21127022
- Fuente: wikidata
040 ## - FUENTE DE CATALOGACIÓN
- Centro catalogador/agencia de origen: SpMaBN
- Lengua de catalogación: spa
- Centro/agencia transcriptor: SpMaBN
- Normas de descripción: rdc
- Convención/Normas de encabezamiento de materia/tesauro: embne
046 ## - FECHAS CON CODIFICACIÓN ESPECIAL
- Fecha de nacimiento: 1870
- Fecha de la muerte: 1939
100 1# - ENCABEZAMIENTO-NOMBRE DE PERSONA
- Nombre de persona: Prieto y Vives, Antonio,
- Fechas asociadas al nombre: 1870-1939
370 ## - LUGAR ASOCIADO
- Lugar de nacimiento: España, Baleares (Comunidad Autónoma), Menorca, Maó
370 ## - LUGAR ASOCIADO
- Lugar de fallecimiento: España, Madrid (Comunidad Autónoma), Madrid
374 ## - OCUPACIÓN
- Ocupación: Historiadores
- Ocupación: Ingenieros de caminos, canales y puertos
375 ## - GÉNERO/SEXO
- Género: Masculino
377 ## - IDIOMA ASOCIADO
- Código del idioma: spa
- Término de lengua/lenguaje: Español
400 1# - TRAZADO DE VÉASE--NOMBRE DE PERSONA
- Nombre de persona: Prieto Vives, Antonio,
- Fechas asociadas al nombre: 1870-1939
670 ## - FUENTE DE DATOS ENCONTRADOS
- Cita de la fuente: El arte de la lacería, 1904
- Información encontrada: port. (Antonio Prieto y Vives)
670 ## - FUENTE DE DATOS ENCONTRADOS
- Cita de la fuente: Los reyes de Taifas, 2003 (facs.: 1926)
- Información encontrada: port. (A. Prieto y Vives) port. facs. (Antonio Prieto y Vives; ingeniero de Caminos, Canales y Puertos) p. V (m. 17-3-1939)
670 ## - FUENTE DE DATOS ENCONTRADOS
- Cita de la fuente: WWW Diccionario Biográfico Español de la RAH, 20-3-2019
- Información encontrada: (Prieto y Vives, Antonio. Mahón, Menorca (Islas Baleares), 22.IV.1870 – Madrid, 17.III.1939. Ingeniero de caminos, canales y puertos, historiador)
- Identificador Uniforme de Recursos: http://dbe.rah.es/biografias/21324/antonio-prieto-y-vives
675 ## - FUENTE DE DATOS NO ENCONTRADOS
- Cita de la fuente: Espasa
- Cita de la fuente: Palau
